• 首页
  • 本馆介绍
  • 公告通知
  • 最新文献
  • 馆藏检索
  • 电子资源
  • 读者导购
  • 参考咨询
  • 我的图书馆
  • 登录
  • 详细信息显示
  • 放入我的书架
  • 预约/预借图书
  • 作者相关作品
  • 分类相关作品
  • 丛书相关作品
  • 出版社相关作品

书目信息

  • 表格格式
  • 工作单格式
  • 卡片格式
书名: Science puzzles
作者: by Jerome and Lelia K. Williams ; illustrated by Myron Grossman.
分册号:
分册名:
出版地: New York :
 
出版社: F. Watts
出版时间: 1979.
页数: 64 p. :
开本: 23 cm.
丛书名:
中图分类号:
科图分类号:
其他分类号: N49
主题词:
电子资源:
000 01005cam 2200301 i 45x0
001 E0751912802
003 OCoLC
005 20070718084234.42
008 030428s1979 nyua j 000 0 eng
010    @a 79001236
020    @a0531028763 (lib. bdg.).
040    @aDLC@cDLC
042    @alcac
050 10 @aQ164@b.W54
082 00 @a793.7/3
090    @aN18/W14
090    @aN49
099    @dN49@ex15
100 1  @aWilliams, Jerome.
245 10 @aScience puzzles / @cby Jerome and Lelia K. Williams ; illustrated by Myron Grossman.
260    @aNew York :@bF. Watts,@c1979.
300    @a64 p. :@bill. ;@c23 cm.
520    @aDifferent types of puzzles test one's elementary knowledge of biology, climatology, physics, chemistry, geology, and space sciences.
650  0 @aScientific recreations@xJuvenile literature.
650  1 @aScientific recreations.
700 1  @aGrossman, Myron.
700 1  @aWilliams, Lelia K.,@d1925-@ejoint author.
920    @a232010@z2
    
    Science puzzles / / by Jerome and Lelia K. Williams ; illustrated by Myron Grossman.-New York : : F. Watts, , 1979.
    64 p. : : ill. ; ; 23 cm.
    Different types of puzzles test one's elementary knowledge of biology, climatology, physics, chemistry, geology, and space sciences.
    
    ISBN 0531028763 (lib. bdg.).
    Different types of puzzles test one's elementary knowledge of biology, climatology, physics, chemistry, geology, and space sciences.
●
相关链接 在E读中查询图书 在五车中查询图书 在当当中查询图书 在豆瓣中查询图书


正题名:Science puzzles     索取号:N49/x15         预约/预借

序号 登录号 条形码 馆藏地/架位号 状态 备注
1 180274   000455304   第二样本阅览室/ [索取号:N49/x15] 在馆    
2 180275   000455260   第四借阅区/ [索取号:N49/x15] 在馆    
3 180276   000455331   第四借阅区/ [索取号:N49/x15] 在馆    
4 183157   300134003   第四借阅区/ [索取号:N49/x15] 在馆    
5 183158   000455297   第四借阅区/ [索取号:N49/x15] 在馆    
唐山师范学院图书馆 欢迎您!
大连网信软件有限公司© 版权所有